000 00456nam a2200181Ia 4500
008 240925s9999 xx 000 0 und d
020 _a9789834707477
082 _a658.0072 KUM
100 _aKumar, Mukesh
245 0 _aBusiness Research Methods
250 _aNA
260 _aNew York:
_bOxford University Press
_c,2013.
300 _a801p.
_b0
_fOriginal
500 _aIncludes Index
600 _aManagement
650 _aManagement
942 _cBK
999 _c15137
_d15137